| 000 | 00553nam a2200181Ia 4500 | ||
|---|---|---|---|
| 999 |
_c29299 _d29299 |
||
| 003 | OSt | ||
| 005 | 20260305114713.0 | ||
| 008 | 190216s9999||||xx |||||||||||||| ||und|| | ||
| 020 | _a9788182642676 | ||
| 040 | _coclc | ||
| 082 |
_a894.8122 _bNAI/S |
||
| 100 | 1 |
_aVāsudēvan Nāyar, Eṃ. Ti., _d1933- _99426 |
|
| 245 | 0 |
_aSukrutham / _cM T Vasudevan Nair |
|
| 260 |
_bMathrubhumi Printing &publishing, _aKozhikode: _c2006. |
||
| 300 | _a93p | ||
| 650 | _aMalayalam Nadakam | ||
| 942 |
_cBK _2ddc _h894.8122 _iNAI/S _k894.8122 _mNAI/S |
||